| 000 | 00600nam a22001937a 4500 | ||
|---|---|---|---|
| 003 | OSt | ||
| 005 | 20260119085255.0 | ||
| 008 | 260119b |||||||| |||| 00| 0 eng d | ||
| 020 | _a978-971-23-4860-0. | ||
| 040 |
_aDWCL-Main lib _cOC |
||
| 082 | _aFil. 516.3 M427 2007 | ||
| 100 | _aAltares, Priscila S. Et Al. | ||
| 245 |
_aMathematical analysis for business & economics _cAltares, Priscila S. Et Al. |
||
| 260 |
_aManila : _bRex Book Store, Inc., _cc2007. |
||
| 300 |
_aviii, 242 pages ; _c25 cm. |
||
| 650 | _21. Analytic geometry. | ||
| 650 | _22. Calculus. | ||
| 942 |
_2ddc _cBK - FIL _kFil. _n0 |
||
| 999 |
_c7553 _d7553 |
||